ÇILGIN DENEYLER KULÜBÜ (Record no. 1067891)

MARC details
000 -LEADER
sabit uzunluktaki kontrol alanı 00262nam a2200097Ia 4500
001 - KONTROL NUMARASI
kontrol alanı 1067891
005 - EN SON İŞLEMİN TARİH VE ZAMANI
kontrol alanı 20250827001820.0
008 - SABİT-UZUNLUKTA VERİ ÖĞELERİ--GENEL BİLGİ
sabit uzunluktaki kontrol alanı 250824s9999 xx 000 0 und d
245 #0 - ESER / YAZAR
ESER ADI ÇILGIN DENEYLER KULÜBÜ
Yazar Adı ESRA İLTER DEMİRBİLEK
260 ## - YAYIN, DAĞITIM, VB.
YAYIN EVİ MARTI YAYINCILIK
Holdings
Düşüm durumu Kayıp durumu Hasar Durumu Ödünç verilmez Ana kütüphane Geçerli Kütüphane Edinilen tarih Toplam ödünç verme sayısı Barkod Son görüntüleme tarihi Fiyatın geçerli olmaya başladığı tarih Koha materyal türü
        BEYHEKİM İMAM HATİP ORTAOKULU BEYHEKİM İMAM HATİP ORTAOKULU 24.08.2025   10724103 27.08.2025 27.08.2025 Books